[Event "Prague International Open"]
[Site "Prague CZE"]
[Date "2019.03.14"]
[Round "7.32"]
[White "Tancsa, Tamas"]
[Black "Belous, Mikhail"]
[Result "1/2-1/2"]
[BlackTitle "FM"]
[WhiteElo "2026"]
[BlackElo "2300"]
[WhiteFideId "783749"]
[BlackFideId "14127555"]
[EventDate "2019.03.09"]

1. e4 c5 2. Nf3 d6 3. d4 cxd4 4. Nxd4 Nf6 5. Nc3 a6 6. f3 e5 7. Nb3 Be6 8. Be3
h5 9. Nd5 Bxd5 10. exd5 Nbd7 11. Be2 g6 12. Qd2 Bg7 13. O-O O-O 14. c4 b6 15. a3
a5 16. Nc1 e4 17. f4 Nc5 18. Rb1 a4 19. Na2 Ng4 20. Bxg4 hxg4 21. Nb4 f5 22. Nc6
Qc7 23. g3 Qb7 24. Qb4 Kf7 25. Kg2 Qc7 1/2-1/2

[Event "Prague International Open"]
[Site "Prague CZE"]
[Date "2019.03.14"]
[Round "7.36"]
[White "Dette, Jan"]
[Black "Sabuk, Piotr"]
[Result "0-1"]
[BlackTitle "IM"]
[WhiteElo "2128"]
[BlackElo "2391"]
[WhiteFideId "12936677"]
[BlackFideId "1137565"]
[EventDate "2019.03.09"]

1. e4 c5 2. c3 d5 3. exd5 Qxd5 4. d4 Nc6 5. Nf3 Bf5 6. Be2 cxd4 7. cxd4 Bxb1 8.
Rxb1 e6 9. a3 Nf6 10. O-O Bd6 11. Be3 O-O 12. Ng5 Rfd8 13. Qa4 Qf5 14. Bf3 h6
15. Bxc6 bxc6 16. Nf3 Qb5 17. Qc2 Nd5 18. Rfe1 Rac8 19. Nd2 c5 20. Ne4 cxd4 21.
Nxd6 Rxc2 22. Nxb5 dxe3 23. fxe3 Rb8 24. Nc3 Nxc3 25. bxc3 Rxb1 26. Rxb1 Rxc3
27. Rb8+ Kh7 28. Rb7 Kg6 29. Rxa7 Rxe3 30. Kf2 Rb3 31. a4 Ra3 32. a5 f5 33. h4
e5 34. a6 f4 35. h5+ Kf6 36. Ra8 e4 37. Re8 Kf5 38. Rf8+ Kg4 39. Re8 e3+ 40. Ke2
Rxa6 41. Re7 Kxh5 42. Rxg7 Rg6 0-1

[Event "Prague International Open"]
[Site "Prague CZE"]
[Date "2019.03.14"]
[Round "7.43"]
[White "Skou, Niels"]
[Black "Gayun, Dmytro"]
[Result "0-1"]
[BlackTitle "FM"]
[WhiteElo "2057"]
[BlackElo "2260"]
[WhiteFideId "1413155"]
[BlackFideId "14141434"]
[EventDate "2019.03.09"]

1. d4 Nf6 2. c4 e6 3. Nc3 d5 4. Nf3 Bb4 5. Qc2 dxc4 6. e4 c5 7. dxc5 Na6 8. Bg5
Qa5 9. Bxf6 gxf6 10. Bxc4 Nxc5 11. O-O Bxc3 12. bxc3 b5 13. Be2 Bb7 14. Nd2 Rc8
15. a4 bxa4 16. Nc4 Qc7 17. f3 O-O 18. Rfd1 Rfd8 19. Rd4 Ba6 20. Ne3 Nb3 21.
Rxd8+ Rxd8 22. Rxa4 Qc6 0-1

[Event "Prague International Open"]
[Site "Prague CZE"]
[Date "2019.03.14"]
[Round "7.46"]
[White "Petrova, Kristyna"]
[Black "Kaplan, Daniel"]
[Result "1-0"]
[WhiteTitle "WIM"]
[WhiteElo "2240"]
[BlackElo "2037"]
[WhiteFideId "309672"]
[BlackFideId "323454"]
[EventDate "2019.03.09"]

1. e4 e5 2. Nf3 Nc6 3. Bb5 f5 4. d3 Nf6 5. exf5 Ne7 6. d4 e4 7. Nh4 c6 8. Be2
Qb6 9. c3 d5 10. g4 Nfg8 11. Qb3 Bd7 12. Bf4 Nc8 13. Rg1 Qd8 14. g5 Nd6 15. Bh5+
Nf7 16. c4 g6 17. Be2 gxf5 18. cxd5 cxd5 19. g6 hxg6 20. Nxg6 Rh7 21. Nxf8 Kxf8
22. Qxd5 Ne7 23. Qxb7 Bc6 24. Qb4 a5 25. Qc5 Rc8 26. Nc3 Be8 27. Qa3 Qxd4 28.
Qxa5 Rc5 29. Qa3 Rc8 30. Rd1 Qf6 31. Nd5 Qe6 32. Nxe7 Qxe7 33. Rg8+ 1-0

[Event "Prague International Open"]
[Site "Prague CZE"]
[Date "2019.03.14"]
[Round "7.49"]
[White "Lacrosse, Marc"]
[Black "Vrchotka, Josef"]
[Result "1-0"]
[WhiteTitle "FM"]
[WhiteElo "2182"]
[BlackElo "1993"]
[WhiteFideId "200921"]
[BlackFideId "318388"]
[EventDate "2019.03.09"]

1. d4 Nf6 2. c4 g6 3. Nc3 d5 4. cxd5 Nxd5 5. e4 Nxc3 6. bxc3 Bg7 7. Be3 O-O 8.
Qd2 c5 9. Rc1 b6 10. Nf3 Nc6 11. d5 Ne5 12. Nxe5 Bxe5 13. Be2 Bd6 14. f4 f6 15.
O-O Qc7 16. Bc4 Kh8 17. e5 1-0

[Event "Prague International Open"]
[Site "Prague CZE"]
[Date "2019.03.14"]
[Round "7.54"]
[White "Lys, Josef"]
[Black "Kalinowska, Zuzanna"]
[Result "1-0"]
[WhiteTitle "FM"]
[WhiteElo "2186"]
[BlackElo "2062"]
[WhiteFideId "302244"]
[BlackFideId "1195026"]
[EventDate "2019.03.09"]

1. d4 Nf6 2. c4 e6 3. Nf3 b6 4. g3 Bb7 5. Bg2 Bb4+ 6. Nbd2 O-O 7. O-O Bxd2 8.
Bxd2 Ne4 9. Bb4 d6 10. Ba3 Nd7 11. Ne1 f5 12. Nd3 Qf6 13. e3 Rab8 14. Qa4 Qd8
15. Rad1 a5 16. f3 Nef6 17. c5 bxc5 18. dxc5 Nd5 19. Rfe1 dxc5 20. Nxc5 Nxc5 21.
Bxc5 Qe8 22. Qxa5 Rf7 23. a3 Bc6 24. Qd2 Rd7 25. Qf2 Nf6 26. Rxd7 Nxd7 27. Bd4
e5 28. Bc3 Nc5 29. Qc2 e4 30. fxe4 fxe4 31. Rf1 Nd3 32. Bd4 Qe6 33. Bh3 Qg6 34.
Qc4+ Kh8 35. Rf7 Rg8 36. Rxc7 Be8 37. Qe6 Qh5 38. Qg4 1-0

[Event "Prague International Open"]
[Site "Prague CZE"]
[Date "2019.03.14"]
[Round "7.56"]
[White "Haase, Pavel"]
[Black "Meers, Hubert"]
[Result "1-0"]
[WhiteTitle "CM"]
[WhiteElo "2137"]
[BlackElo "2022"]
[WhiteFideId "360392"]
[BlackFideId "21817014"]
[EventDate "2019.03.09"]

1. c4 g6 2. Nc3 Bg7 3. g3 Nf6 4. Bg2 O-O 5. d3 d6 6. Bd2 e5 7. Qc1 c6 8. Nf3 Be6
9. O-O Nbd7 10. Ng5 Rc8 11. Nxe6 fxe6 12. Rb1 d5 13. b4 Qe7 14. a4 Ne8 15. cxd5
cxd5 16. Nxd5 exd5 17. Bxd5+ Kh8 18. Qxc8 Nef6 19. Qxb7 Rb8 20. Qc6 Nb6 21. Be6 1-0

[Event "Prague International Open"]
[Site "Prague CZE"]
[Date "2019.03.14"]
[Round "7.58"]
[White "Sielicki, Tomasz"]
[Black "Zvolensky, David"]
[Result "1-0"]
[WhiteElo "1996"]
[BlackElo "2111"]
[WhiteFideId "1111400"]
[BlackFideId "393770"]
[EventDate "2019.03.09"]

1. d4 Nf6 2. Bg5 Ne4 3. h4 c5 4. d5 Qb6 5. Nd2 Nxg5 6. hxg5 e6 7. g6 fxg6 8. e4
e5 9. f4 Qf6 10. fxe5 Qxe5 11. Qg4 Bd6 12. Ne2 O-O 13. Nc4 Qf6 14. Nxd6 Qxd6 15.
O-O-O b6 16. g3 Qf6 17. Nf4 g5 18. d6 gxf4 19. Bc4+ Kh8 20. Rxh7+ Kxh7 21. Rh1+
Qh6 22. Rxh6+ gxh6 23. e5 Ba6 24. Bd5 Bb7 25. Bxb7 Nc6 26. Qxd7+ Kh8 27. Bxc6 f3
28. Be4 1-0

[Event "Prague International Open"]
[Site "Prague CZE"]
[Date "2019.03.14"]
[Round "7.61"]
[White "Plasil, Petr"]
[Black "Vetrovsky, Michal"]
[Result "1/2-1/2"]
[WhiteElo "1989"]
[BlackElo "2072"]
[WhiteFideId "359360"]
[BlackFideId "303372"]
[EventDate "2019.03.09"]

1. d4 d5 2. c4 e6 3. Nc3 Be7 4. Nf3 Nf6 5. cxd5 exd5 6. Qc2 c6 7. Bg5 h6 8. Bh4
Be6 9. e3 Nbd7 10. Bd3 a6 11. O-O O-O 12. Rab1 Re8 13. h3 Nh5 14. Bxe7 Qxe7 15.
Ne2 g6 16. b4 Ng7 17. Ng3 Qf6 18. Nd2 h5 19. a4 Rac8 20. Nb3 Qg5 21. Kh2 h4 1/2-1/2

[Event "Prague International Open"]
[Site "Prague CZE"]
[Date "2019.03.14"]
[Round "7.64"]
[White "Steiner, Juraj"]
[Black "Plesek, Jiri"]
[Result "1-0"]
[WhiteElo "1907"]
[BlackElo "2162"]
[WhiteFideId "367516"]
[BlackFideId "305146"]
[EventDate "2019.03.09"]

1. d4 f5 2. Nc3 Nf6 3. Bg5 d5 4. Bxf6 exf6 5. e3 Be6 6. h4 h5 7. Nge2 Bf7 8. Qd3
Qd7 9. g3 Nc6 10. Qb5 O-O-O 11. Nf4 Nb4 12. O-O-O Qxb5 13. Bxb5 c6 14. Be2 c5
15. dxc5 Bxc5 16. a3 Nc6 17. Ncxd5 g5 18. Bxh5 Bxd5 19. Nxd5 Rxh5 20. Nxf6 Rxd1+
21. Rxd1 Rh6 22. hxg5 Rg6 23. Rd5 b6 24. b4 Ne7 25. Rd3 Bxb4 26. axb4 Rxg5 27.
Rd7 1-0

[Event "Prague International Open"]
[Site "Prague CZE"]
[Date "2019.03.14"]
[Round "7.67"]
[White "Galicek, Stanislav"]
[Black "Michel, Ladislav"]
[Result "1-0"]
[WhiteElo "2133"]
[BlackElo "1769"]
[WhiteFideId "316342"]
[BlackFideId "329363"]
[EventDate "2019.03.09"]

1. d4 Nf6 2. c4 e6 3. Nc3 Bb4 4. e3 c5 5. Bd3 d5 6. Nf3 O-O 7. O-O Nc6 8. a3
cxd4 9. exd4 dxc4 10. Bxc4 Bxc3 11. bxc3 Nd5 12. Qd3 h6 13. Ba2 Qc7 14. c4 Nf4
15. Qe4 Ng6 16. h4 Rd8 17. h5 Nf8 18. Bf4 Qa5 19. d5 Ne7 20. Nd4 a6 21. Bb1 Nxd5
22. cxd5 Qxd5 23. Be3 Qxh5 24. Bc2 Qd5 25. Qh4 Ng6 26. Qg3 1-0

[Event "Prague International Open"]
[Site "Prague CZE"]
[Date "2019.03.14"]
[Round "7.70"]
[White "Trapl, Dalibor"]
[Black "Bauer, Jan"]
[Result "1-0"]
[WhiteElo "2047"]
[BlackElo "1719"]
[WhiteFideId "330744"]
[BlackFideId "385107"]
[EventDate "2019.03.09"]

1. e4 e6 2. d4 d5 3. Nc3 Bb4 4. e5 c5 5. a3 Ba5 6. b4 cxd4 7. Nb5 Bc7 8. f4 Bd7
9. Nxc7+ Qxc7 10. Bb2 Ne7 11. Bd3 Ng6 12. g3 Nc6 13. Nf3 Nge7 14. O-O O-O 15.
Nxd4 Qb6 16. Kh1 Kh8 17. Nf3 Rad8 18. Nh4 Nf5 19. Qh5 h6 20. Nxf5 exf5 21. e6
Bxe6 22. Qxh6+ 1-0

[Event "Prague International Open"]
[Site "Prague CZE"]
[Date "2019.03.14"]
[Round "7.72"]
[White "Pribylova, Sofie"]
[Black "Krueger, Thomas"]
[Result "1-0"]
[WhiteTitle "WCM"]
[WhiteElo "2031"]
[BlackElo "1591"]
[WhiteFideId "371726"]
[BlackFideId "4627970"]
[EventDate "2019.03.09"]

1. e4 d5 2. exd5 Qxd5 3. Nc3 Qd6 4. d4 a6 5. Nf3 Bf5 6. g3 Nf6 7. Bg2 e6 8. O-O
Be7 9. Bf4 Qd8 10. Ne5 c6 11. g4 Bg6 12. h4 h5 13. Nxg6 fxg6 14. g5 Nfd7 15. Re1
O-O 16. Bg3 1-0

[Event "Prague International Open"]
[Site "Prague CZE"]
[Date "2019.03.15"]
[Round "8.1"]
[White "Stefansson, Hannes"]
[Black "Stany, G.A."]
[Result "1/2-1/2"]
[WhiteTitle "GM"]
[BlackTitle "IM"]
[WhiteElo "2523"]
[BlackElo "2507"]
[WhiteFideId "2300087"]
[BlackFideId "5029104"]
[EventDate "2019.03.09"]

1. Nf3 Nf6 2. c4 g6 3. g3 Bg7 4. Bg2 d5 5. cxd5 Nxd5 6. d4 Nb6 7. O-O Nc6 8. e3
O-O 9. Nc3 Re8 10. a3 e5 11. d5 Na5 12. Qc2 e4 13. Nxe4 Qxd5 14. Nd4 Qc4 15.
Qxc4 Nbxc4 16. Ra2 Ne5 17. b4 Nac6 18. Rc2 Bg4 19. Nxc6 Nxc6 20. Nc5 Bf5 21. Rd2
Ne5 22. Bxb7 Rad8 23. Rxd8 Rxd8 24. Kg2 Nd3 25. Nxd3 Bxd3 26. Rg1 f5 27. Bf3 Bc2
28. Be2 Bc3 29. f3 a5 30. bxa5 Bxa5 31. Bc4+ Kf8 32. Rf1 c5 33. Rf2 Ba4 34. e4
Rd4 35. Bd5 c4 36. Be3 Rxd5 37. exd5 c3 38. Re2 Bd1 39. Bh6+ Kf7 40. Re6 Bb3 41.
Ra6 Bd8 42. Ra7+ Ke8 43. d6 g5 44. Rxh7 Bf6 45. Bg7 Bxg7 46. Rxg7 Bf7 47. d7+
Kd8 48. Rxf7 c2 1/2-1/2

[Event "Prague International Open"]
[Site "Prague CZE"]
[Date "2019.03.15"]
[Round "8.2"]
[White "Sedlak, Nikola"]
[Black "Cernousek, Lukas"]
[Result "1/2-1/2"]
[WhiteTitle "GM"]
[BlackTitle "IM"]
[WhiteElo "2605"]
[BlackElo "2429"]
[WhiteFideId "922900"]
[BlackFideId "311707"]
[EventDate "2019.03.09"]

1. d4 d5 2. Nf3 Nf6 3. c3 c5 4. dxc5 e6 5. b4 a5 6. e3 axb4 7. cxb4 b6 8. Bb5+
Bd7 9. Bxd7+ Nbxd7 10. a4 bxc5 11. b5 Bd6 12. O-O O-O 13. Nbd2 Qb8 14. Bb2 Rc8
15. Bxf6 Nxf6 16. h3 e5 17. e4 c4 18. exd5 c3 19. Nb3 Rc4 20. Qc2 Rcxa4 21. Rxa4
Rxa4 22. Qxc3 Nxd5 23. Qc2 Rb4 24. Rd1 Rxb5 25. Qc6 Rxb3 26. Qxd5 Rb1 27. Rxb1
Qxb1+ 28. Kh2 Qb4 29. g3 Qc5 30. Qxc5 Bxc5 31. Nxe5 Bxf2 32. Kg2 Ba7 33. g4 f6
34. Nc6 Bc5 35. Nd8 Bb6 36. Nc6 Kf7 37. Nb4 Kg6 38. Nd5 Bc5 39. Nf4+ Kf7 40. Kf3
Bd6 41. Nd5 Kg6 42. Ne3 h5 43. Nf5 Bc5 44. Nh4+ Kg5 45. Nf5 hxg4+ 46. hxg4 g6
47. Ng3 Kh4 48. Ne4 Bd4 49. Ng3 Kh3 50. Ne4 Be5 51. Nf2+ Kh2 52. Ne4 f5 53. gxf5
gxf5 54. Nf2 Bd6 55. Ng4+ fxg4+ 56. Kxg4 1/2-1/2

[Event "Prague International Open"]
[Site "Prague CZE"]
[Date "2019.03.15"]
[Round "8.3"]
[White "Stachowiak, Kamil"]
[Black "Zubov, Alexander"]
[Result "1/2-1/2"]
[WhiteTitle "IM"]
[BlackTitle "GM"]
[WhiteElo "2433"]
[BlackElo "2605"]
[WhiteFideId "1119966"]
[BlackFideId "14109409"]
[EventDate "2019.03.09"]

1. Nf3 d5 2. g3 g6 3. Bg2 Bg7 4. O-O e5 5. d3 Ne7 6. Nbd2 Nbc6 7. c4 a5 8. cxd5
Nxd5 9. Nc4 h6 10. Bd2 O-O 11. Rc1 Re8 12. a3 Ra6 13. Re1 Be6 14. Qa4 Qb8 15.
Qc2 a4 16. e4 Nb6 17. Nxb6 cxb6 18. Be3 Rd8 19. h3 Qc8 20. Kh2 Qd7 21. Bf1 b5
22. Qc5 Bf8 23. Qxb5 Ra5 24. Qb6 Ra6 25. Qb5 Ra5 26. Qb6 Ra6 1/2-1/2

[Event "Prague International Open"]
[Site "Prague CZE"]
[Date "2019.03.15"]
[Round "8.4"]
[White "Bernadskiy, Vitaliy"]
[Black "Bakhmatsky, Vladislav"]
[Result "0-1"]
[WhiteTitle "GM"]
[WhiteElo "2581"]
[BlackElo "2419"]
[WhiteFideId "14100371"]
[BlackFideId "14124890"]
[EventDate "2019.03.09"]

1. d4 Nf6 2. Bg5 d5 3. Nd2 c5 4. dxc5 e6 5. e4 Nc6 6. Nb3 dxe4 7. Qxd8+ Nxd8 8.
Ne2 Nd5 9. O-O-O f6 10. Bd2 Bd7 11. Ng3 f5 12. Bc4 Bc6 13. Rhe1 Be7 14. Kb1 Rf8
15. f3 e3 16. Bc1 Rc8 17. Nh5 g6 18. Ng7+ Kf7 19. Nxe6 Nxe6 20. Bxd5 Bxd5 21.
Rxd5 f4 22. Rd7 Rc7 23. Rd5 Nxc5 24. Nd4 Rd7 25. Rxd7 Nxd7 26. g3 g5 27. Ne2 Bd6
28. Rd1 Ke6 29. b3 Be5 30. Ba3 Rf7 31. gxf4 Bxf4 32. h4 Be5 33. hxg5 Rxf3 34.
Bc1 Nc5 35. Rd8 Ne4 36. Re8+ Kf5 37. Rf8+ Kg4 38. Rd8 Nc3+ 39. Nxc3 Bxc3 40. Re8
Bd2 0-1

[Event "Prague International Open"]
[Site "Prague CZE"]
[Date "2019.03.15"]
[Round "8.5"]
[White "Kriebel, Tadeas"]
[Black "Vorobiov, Evgeny E."]
[Result "1/2-1/2"]
[WhiteTitle "IM"]
[BlackTitle "GM"]
[WhiteElo "2507"]
[BlackElo "2566"]
[WhiteFideId "330027"]
[BlackFideId "4121341"]
[EventDate "2019.03.09"]

1. e4 c5 2. Nf3 e6 3. d4 cxd4 4. Nxd4 a6 5. Nc3 b5 6. Bd3 Bb7 7. O-O Nc6 8. Nxc6
Bxc6 9. Qe2 Bc5 10. a4 b4 11. Nd5 Ne7 12. Be3 Bxe3 13. Nxe3 O-O 14. f4 Qb6 15.
Kh1 Qd4 16. Nc4 d5 17. Na5 Bd7 18. exd5 Nxd5 19. Qe4 Qxe4 20. Bxe4 Rac8 21. Rfd1
Rc7 22. Bxd5 exd5 23. Rxd5 Rfc8 24. Rad1 Bxa4 25. b3 Be8 26. Nc4 Kf8 27. Kg1 f6 1/2-1/2

[Event "Prague International Open"]
[Site "Prague CZE"]
[Date "2019.03.15"]
[Round "8.6"]
[White "Nguyen, Piotr"]
[Black "Gasanov, Eldar"]
[Result "0-1"]
[WhiteTitle "IM"]
[BlackTitle "GM"]
[WhiteElo "2419"]
[BlackElo "2500"]
[WhiteFideId "1127993"]
[BlackFideId "14104466"]
[EventDate "2019.03.09"]

1. f4 d5 2. Nf3 Nf6 3. g3 e6 4. Bg2 Be7 5. O-O b5 6. d3 Bb7 7. e4 dxe4 8. Nfd2
c5 9. Nc3 Qb6 10. Ndxe4 c4+ 11. Kh1 Nxe4 12. Nxe4 O-O 13. dxc4 bxc4 14. Qe2 Nd7
15. Be3 Qc7 16. Bd4 Rad8 17. Rae1 g6 18. c3 Rfe8 19. g4 Bh4 20. Rd1 e5 21. fxe5
Nxe5 22. g5 Bxe4 23. Qxe4 Bxg5 24. Rde1 f6 25. h4 Bh6 26. Rxf6 Bg7 27. Ra6 Re7
28. Rxa7 Qxa7 29. Bxa7 Rxa7 30. Qf4 Rf7 31. Qg3 Rd3 32. Qg5 h6 33. Qc1 Rf2 34.
Rf1 Ng4 35. a4 Rdd2 36. Be4 Rxf1+ 37. Qxf1 Rd1 38. Qxd1 Nf2+ 39. Kg2 Nxd1 40. a5
Bf8 41. Bxg6 Nxb2 42. Kf3 Kg7 43. Be8 Kf6 44. Ke4 Ke6 45. Kd4 Bg7+ 46. Kc5 Bxc3
47. Bb5 Ke5 48. Bxc4 Bd4+ 49. Kb4 Nxc4 50. Kxc4 h5 51. Kd3 Ba7 52. Ke2 Kf4 53.
Kf1 Kg3 54. a6 Bb6 0-1

[Event "Prague International Open"]
[Site "Prague CZE"]
[Date "2019.03.16"]
[Round "9.1"]
[White "Vorobiov, Evgeny E."]
[Black "Stefansson, Hannes"]
[Result "1/2-1/2"]
[WhiteTitle "GM"]
[BlackTitle "GM"]
[WhiteElo "2566"]
[BlackElo "2523"]
[WhiteFideId "4121341"]
[BlackFideId "2300087"]
[EventDate "2019.03.09"]

1. e4 e5 2. Nf3 Nc6 3. Nc3 Nf6 4. Bb5 Nd4 5. Bc4 d6 6. Nxd4 exd4 7. Nd5 Nd7 8.
O-O g6 9. c3 Bg7 10. cxd4 Bxd4 11. d3 c6 12. Nc3 O-O 13. Bh6 Re8 14. Ne2 Bg7 15.
Bxg7 Kxg7 16. Qd2 Nf6 17. Rfe1 Be6 18. Bxe6 fxe6 19. Ng3 e5 20. d4 Qe7 21. Rad1
Rad8 22. h3 c5 23. d5 Rf8 24. b4 Rc8 25. a4 cxb4 26. Qxb4 Rc5 27. Rc1 Rfc8 28.
Rxc5 Rxc5 29. a5 a6 30. Rb1 Rb5 31. Qe1 Qc7 32. Rc1 Qd8 33. Ra1 Nd7 34. Ra3 Nc5
35. Rf3 Nb3 36. Rc3 Nc5 37. Qd2 Rb3 38. Qc2 Rxc3 39. Qxc3 b5 40. axb6 1/2-1/2

[Event "Prague International Open"]
[Site "Prague CZE"]
[Date "2019.03.16"]
[Round "9.2"]
[White "Stany, G.A."]
[Black "Bakhmatsky, Vladislav"]
[Result "1/2-1/2"]
[WhiteTitle "IM"]
[WhiteElo "2507"]
[BlackElo "2419"]
[WhiteFideId "5029104"]
[BlackFideId "14124890"]
[EventDate "2019.03.09"]

1. e4 c5 2. Nf3 d6 3. d4 cxd4 4. Nxd4 Nf6 5. Nc3 a6 6. Be3 e5 7. Nb3 Be6 8. f3
h5 9. Qd2 Nbd7 10. Nd5 Bxd5 11. exd5 g6 12. Be2 Bg7 13. O-O b6 14. c4 O-O 15. h3
Re8 16. g4 Qc8 17. Kh2 a5 18. Rad1 Nc5 19. Rg1 a4 20. Na1 hxg4 21. hxg4 e4 22.
f4 Nd3 23. g5 Nd7 24. Bxd3 exd3 25. Qxd3 Nc5 26. Qd2 Ne4 27. Qd3 Bxb2 28. Rg2
Bg7 29. Bxb6 Rb8 30. Be3 Nc5 31. Bxc5 Qxc5 32. Nc2 Rbc8 33. Kg3 Qxc4 34. Qxc4
Rxc4 35. Rd3 Ree4 36. Rf2 Rc5 37. Kf3 1/2-1/2

[Event "Prague International Open"]
[Site "Prague CZE"]
[Date "2019.03.16"]
[Round "9.3"]
[White "Kashlinskaya, Alina"]
[Black "Sedlak, Nikola"]
[Result "1/2-1/2"]
[WhiteTitle "IM"]
[BlackTitle "GM"]
[WhiteElo "2470"]
[BlackElo "2605"]
[WhiteFideId "4198026"]
[BlackFideId "922900"]
[EventDate "2019.03.09"]

1. d4 e6 2. c4 Bb4+ 3. Bd2 a5 4. e4 d5 5. a3 Bxd2+ 6. Nxd2 Ne7 7. Ngf3 O-O 8.
Bd3 dxe4 9. Nxe4 Nbc6 10. Ng3 Nf5 11. d5 Nce7 12. Qc2 Qd7 13. O-O-O exd5 14.
Bxf5 Nxf5 15. Rxd5 Nd6 16. c5 Qc6 17. Rh5 g6 18. Nd4 Qxg2 19. Rg5 Ne8 20. Re1 h6
21. Rge5 Bh3 22. Qd2 Nf6 23. Qf4 Nd7 24. R5e3 Qd5 25. Ne4 Qxd4 26. Rxh3 Rfe8 27.
Qxh6 Qg7 28. Qd2 Rad8 29. Rd3 Re7 30. Nc3 Rxe1+ 31. Qxe1 Qh6+ 32. Kb1 Qg5 33.
Ne4 Qe7 34. Qe3 f5 35. Nc3 Qxe3 36. fxe3 Kf7 37. Nb5 Ke7 38. Nxc7 Nxc5 39. Rxd8
Kxd8 40. Nd5 g5 41. Kc2 Kd7 42. Nc3 Ke6 43. b4 axb4 44. axb4 Nd7 45. Kd3 Ne5+
46. Ke2 Nc6 47. b5 Ne5 48. h3 Kd6 49. Kf2 Kc5 50. Ne2 Kxb5 51. Nd4+ Ka4 52. Nxf5
b5 53. Nd4 b4 54. Ke2 b3 55. Kd2 Ka3 56. Kc3 b2 57. Nc2+ Ka2 58. Nb4+ Ka1 59.
Nc2+ Kb1 60. Nb4 Kc1 61. Na2+ Kb1 62. Nb4 Kc1 63. Na2+ Kd1 64. Kxb2 Kd2 65. e4
Nd3+ 66. Kb3 Nc5+ 67. Kc4 Nxe4 68. Kd4 Nf2 69. Nc3 Nxh3 70. Ne4+ Ke2 71. Nxg5
Nxg5 1/2-1/2

[Event "Prague International Open"]
[Site "Prague CZE"]
[Date "2019.03.16"]
[Round "9.4"]
[White "Zubov, Alexander"]
[Black "Rasik, Vitezslav"]
[Result "1-0"]
[WhiteTitle "GM"]
[BlackTitle "GM"]
[WhiteElo "2605"]
[BlackElo "2463"]
[WhiteFideId "14109409"]
[BlackFideId "300306"]
[EventDate "2019.03.09"]

1. d4 d6 2. e4 g6 3. Nf3 Nf6 4. Bd3 Bg7 5. O-O O-O 6. Re1 Nc6 7. d5 Nb4 8. Bf1
Bg4 9. Nbd2 a5 10. h3 Bd7 11. c3 Na6 12. Nc4 e6 13. dxe6 Bxe6 14. Bg5 Nc5 15.
Ncd2 h6 16. Bh4 Re8 17. Nd4 Bd7 18. f3 g5 19. Bf2 d5 20. exd5 Rxe1 21. Qxe1 Nxd5
22. Ne4 Nxe4 23. Qxe4 c6 24. Nf5 Bxf5 25. Qxf5 Qf6 26. Qd7 b5 27. Re1 Rd8 28.
Re8+ Rxe8 29. Qxe8+ Bf8 30. c4 bxc4 31. Bc5 Ne7 32. Bxc4 Qf4 33. b3 Qc1+ 34. Kh2
Qf4+ 35. Kg1 Qc1+ 36. Kh2 Qf4+ 37. Kh1 Kg7 38. Bd6 Qf5 39. Bxe7 1-0

[Event "Prague International Open"]
[Site "Prague CZE"]
[Date "2019.03.16"]
[Round "9.5"]
[White "Cernousek, Lukas"]
[Black "Demuth, Adrien"]
[Result "1/2-1/2"]
[WhiteTitle "IM"]
[BlackTitle "GM"]
[WhiteElo "2429"]
[BlackElo "2510"]
[WhiteFideId "311707"]
[BlackFideId "642274"]
[EventDate "2019.03.09"]

1. d4 Nf6 2. c4 c5 3. d5 b5 4. cxb5 a6 5. bxa6 g6 6. Nc3 Bg7 7. a7 Rxa7 8. e4
O-O 9. Nf3 e6 10. Be2 exd5 11. exd5 d6 12. O-O Na6 13. Bb5 Nc7 14. Bc6 Bb7 15.
Bxb7 Rxb7 16. Qd3 Qd7 17. Rb1 Ra8 18. h3 Nb5 19. Bf4 Nxc3 20. bxc3 Rxa2 21. Rxb7
Qxb7 22. Rb1 Qc7 23. Qb5 Ra8 24. c4 Ne4 25. Qc6 Qd8 26. Ng5 Nxg5 27. Bxg5 f6 28.
Bf4 Bf8 29. Rb7 Qc8 30. Rd7 Qb8 31. Kh2 Ra1 32. Rb7 Qd8 33. Qb5 Ra8 34. Rd7 Qe8
35. Qb7 Rb8 36. Qc7 Rc8 37. Qb7 Rb8 38. Qc7 1/2-1/2

[Event "Prague International Open"]
[Site "Prague CZE"]
[Date "2019.03.16"]
[Round "9.6"]
[White "Rakesh, Kumar Jena"]
[Black "Kriebel, Tadeas"]
[Result "0-1"]
[WhiteTitle "IM"]
[BlackTitle "IM"]
[WhiteElo "2416"]
[BlackElo "2507"]
[WhiteFideId "5084822"]
[BlackFideId "330027"]
[EventDate "2019.03.09"]

1. d4 Nf6 2. Bf4 b6 3. e3 Bb7 4. Nd2 g6 5. Ngf3 Bg7 6. Be2 O-O 7. h3 d6 8. O-O
Nbd7 9. c3 Re8 10. Bh2 e5 11. a4 a6 12. Qb3 Qe7 13. Rfd1 e4 14. Ne1 a5 15. Rac1
h5 16. c4 g5 17. Nf1 Qe6 18. Qb5 Bh6 19. Ng3 h4 20. Nf5 Bf8 21. Nxd6 cxd6 22.
Qxg5+ Bg7 23. Qxh4 Nf8 24. g4 N6h7 25. Qg3 Rad8 26. h4 Bc8 27. Ng2 Ng6 28. Kh1
Kh8 29. Rg1 Rg8 30. g5 Ne7 31. Nf4 Qd7 32. Bh5 Nf8 33. Qg2 Qf5 34. Ne2 Nfg6 35.
Ng3 Qe6 36. Qxe4 d5 37. Qxe6 Bxe6 38. Bxg6 Nxg6 39. h5 Nh4 40. f4 dxc4 41. Rgf1
Rxd4 42. h6 Bf6 43. gxf6 Bd5+ 44. e4 Rxe4 45. Rcd1 Ba8 46. Kg1 Re2 47. Rf2 Nf3+
48. Kf1 Rxf2+ 49. Kxf2 Nxh2 50. Nf5 Ng4+ 51. Ke2 Re8+ 52. Kd2 Rd8+ 53. Kc1 Rxd1+
54. Kxd1 Nxf6 55. Nd6 Bd5 56. Kc2 Ne4 57. Nc8 Be6 58. Nxb6 f5 59. Kd1 Kh7 60.
Ke2 Nf6 0-1